Groups, rings and galois theory / (Record no. 29036)

000 -LEADER
fixed length control field 00546 a2200169 4500
020 ## - INTERNATIONAL STANDARD BOOK NUMBER
International Standard Book Number 9812385762
020 ## - INTERNATIONAL STANDARD BOOK NUMBER
International Standard Book Number 9789812385765
082 04 - DEWEY DECIMAL CLASSIFICATION NUMBER
Classification number 512
090 ## - LOCALLY ASSIGNED LC-TYPE CALL NUMBER (OCLC); LOCAL CALL NUMBER (RLIN)
-- 404
-- 404
100 1# - MAIN ENTRY--PERSONAL NAME
Personal name Snaith, Victor P.
245 10 - TITLE STATEMENT
Title Groups, rings and galois theory /
Statement of responsibility, etc. Victor P. Snaith.
250 ## - EDITION STATEMENT
Edition statement 2nd ed.
260 ## - PUBLICATION, DISTRIBUTION, ETC.
Place of publication, distribution, etc. [S.l.] :
Name of publisher, distributor, etc. World Scientific Pub Co Inc,
Date of publication, distribution, etc. 2003.
300 ## - PHYSICAL DESCRIPTION
Extent 228 p. ;
Dimensions 23 cm.
942 ## - ADDED ENTRY ELEMENTS (KOHA)
Institution code [OBSOLETE] SNS
Koha item type Book
Call number prefix 512.2 SNA
Holdings
Withdrawn status Lost status Damaged status Not for loan Permanent Location Current Location Date acquired Total Checkouts Full call number Barcode Date last seen Date last checked out Price effective from Koha item type
        School of Natural Sciences (SNS) School of Natural Sciences (SNS) 05/26/2016 2 512.2 SNA SNS0000330 03/04/2021 11/09/2020 05/26/2016 Book
© 2023 Central Library, National University of Sciences and Technology. All Rights Reserved.